| 000 | 00873nam a2200277 i 4500 | ||
|---|---|---|---|
| 003 | DO-SdBNP | ||
| 005 | 20240704142927.0 | ||
| 007 | ta | ||
| 008 | 240704b2024 dr a|||| |||| 00| 0 dr d | ||
| 020 | _a9789945648249 | ||
| 040 |
_aDO-SdBNP _bspa _cBNPHU _erda |
||
| 082 | 4 | _222 | |
| 100 |
_aMiller, Jeannette, _926590 _eautora |
||
| 245 | 1 | 0 |
_aUna chica cool y otros cuentos selectos / _cJeannette Miler |
| 264 |
_aSanto Domingo : _bSantuario, _c2024. |
||
| 300 |
_a50 páginas : _bilustraciones ; _c22 cm |
||
| 336 |
_2rdacontent _atexto _btxt |
||
| 337 |
_2rdamedia _asin mediación _bn |
||
| 338 |
_2rdacarrier _avolumen _bnc |
||
| 500 | _aIncluye datos biográficos del autora en la solapa de la cubierta | ||
| 590 | _aInventariado, 2024/BT | ||
| 650 | 4 |
_aEnsayos dominicanos _965 |
|
| 650 | 4 |
_aLiteratura dominicana _978146 |
|
| 910 | _aBtavárez | ||
| 942 |
_2ddc _cLF2 |
||
| 999 |
_c57174 _d57174 |
||